| 000 | 00357nam a22001337a 4500 | ||
|---|---|---|---|
| 020 | _a978-1-284-24077-1 | ||
| 082 |
_a620.0051 _bZIL |
||
| 100 | _4Zil, Dennis G. | ||
| 245 |
_aAdvanced Engineering Mathematics / _cDennis G. Zil |
||
| 250 | _a7th e | ||
| 260 |
_aBurlington : _bJones & Bartlett Learning ; _c2022. |
||
| 300 | _axiv : 954p. | ||
| 942 |
_2ddc _cBK |
||
| 999 |
_c593454 _d593454 |
||